[Event "FICGS rapid M 000134 email"]
[Site "FICGS email"]
[Date "2022.07.17"]
[Round "1"]
[White "Monotua, Rotom"]
[Black "Armstrong, Keith"]
[Result "1/2-1/2"]
[WhiteElo "2276"]
[BlackElo "2197"]
[PlyCount "47"]
[EventDate "2022.??.??"]
[EventType "tourn (rapid)"]
[EventRounds "6"]
[SourceTitle "Corr 2024"]
[Source "ChessBase"]
[SourceDate "2023.10.19"]
[SourceVersion "1"]
[SourceVersionDate "2023.10.19"]
[SourceQuality "1"]

1. d4 Nf6 2. c4 e6 3. Nf3 d5 4. Nc3 Bb4 5. Bg5 h6 6. Qa4+ Nc6 7. Bxf6 Qxf6 8. e3 0-0 9. Be2 dxc4 10. 0-0 Bd7 11. Bxc4 Bxc3 12. bxc3 Rfd8 13. Be2 b6 14. Bb5 e5 15. Rfd1 e4 16. Nd2 Qg6 17. Bf1 Re8 18. Qc2 h5 19. Kh1 Rad8 20. Nc4 Qf6 21. a4 Bg4 22. Rdb1 Be6 23. Kg1 Qg6 24. Kh1 1/2-1/2

[Event "FICGS rapid M 000134 email"]
[Site "FICGS email"]
[Date "2022.07.17"]
[Round "1"]
[White "Ozen, Bahadir"]
[Black "Monotua, Rotom"]
[Result "1/2-1/2"]
[WhiteElo "2276"]
[BlackElo "2276"]
[PlyCount "41"]
[EventDate "2022.??.??"]
[EventType "tourn (rapid)"]
[EventRounds "6"]
[SourceTitle "Corr 2024"]
[Source "ChessBase"]
[SourceDate "2023.10.19"]
[SourceVersion "1"]
[SourceVersionDate "2023.10.19"]
[SourceQuality "1"]

1. e4 c5 2. Nf3 e6 3. d4 cxd4 4. Nxd4 Nf6 5. Nc3 d6 6. g4 h6 7. h4 Nc6 8. Rg1 d5 9. exd5 Nxd5 10. Nxd5 exd5 11. Be3 Qxh4 12. Qf3 Nxd4 13. Bxd4 Qe7+ 14. Be2 Qe4 15. 0-0-0 Qxf3 16. Bxf3 Be6 17. Rge1 Kd7 18. Be3 Bd6 19. Bxd5 Bxd5 20. Rxd5 Kc6 21. Rd4 1/2-1/2

[Event "FICGS theme 0002 email"]
[Site "FICGS email"]
[Date "2020.12.04"]
[Round "1"]
[White "Sternik, Ryszard"]
[Black "Monotua, Rotom"]
[Result "0-1"]
[WhiteElo "2119"]
[BlackElo "2305"]
[PlyCount "80"]
[EventDate "2020.??.??"]
[EventType "swiss (corr)"]
[EventRounds "1"]
[SourceTitle "Corr 2022"]
[Source "ChessBase"]
[SourceDate "2021.10.24"]
[SourceVersion "1"]
[SourceVersionDate "2021.10.24"]
[SourceQuality "1"]

1. e4 e5 2. Bc4 Bc5 3. Nf3 Nc6 4. c3 Nf6 5. d3 0-0 6. 0-0 d6 7. b4 Bb6 8. a4 a5 9. b5 Ne7 10. h3 c6 11. Re1 Ng6 12. Na3 d5 13. Bb3 Re8 14. Rb1 h6 15. bxc6 bxc6 16. Bc2 Ba6 17. exd5 Nxd5 18. Bd2 Nf6 19. Rb3 Bc7 20. c4 Qd6 21. Bc3 Rad8 22. Qd2 Nd7 23. Bxa5 Nc5 24. Rbb1 Nf4 25. Bxc7 Qxc7 26. d4 e4 27. Qe3 Nxg2 28. Kxg2 exf3+ 29. Qxf3 Ne6 30. Qg3 Qa7 31. Qe5 Rxd4 32. Rbd1 Rf4 33. Re3 Qe7 34. Rd6 Qh4 35. Rg3 Kf8 36. Rd2 Bc8 37. Kh1 Kg8 38. Re2 g6 39. Qc3 Rd8 40. Qe1 Kh7 0-1

[Event "FICGS rapid M 000093 email"]
[Site "FICGS email"]
[Date "2018.04.18"]
[Round "1"]
[White "Monotua, Rotom"]
[Black "Khanas, Valeriy"]
[Result "1/2-1/2"]
[WhiteElo "2238"]
[BlackElo "2157"]
[PlyCount "92"]
[EventDate "2018.??.??"]
[EventType "tourn (rapid)"]
[EventRounds "6"]
[SourceTitle "Corr 2022"]
[Source "ChessBase"]
[SourceDate "2021.10.24"]
[SourceVersion "1"]
[SourceVersionDate "2021.10.24"]
[SourceQuality "1"]

1. d4 Nf6 2. c4 e6 3. Nf3 b6 4. g3 Ba6 5. Qc2 c5 6. d5 exd5 7. cxd5 Bb7 8. e4 Qe7 9. Bd3 Nxd5 10. a3 Nc7 11. Nc3 Ne6 12. 0-0 Nc6 13. Be3 Qd8 14. Rad1 g6 15. Bc4 Bg7 16. Nb5 0-0 17. Nd6 Qf6 18. Kg2 Ned4 19. Bxd4 Nxd4 20. Rxd4 cxd4 21. Nxb7 Qc6 22. Qb3 Qxb7 23. Ng5 Rac8 24. Bxf7+ Kh8 25. Bd5 Qa6 26. Qd1 d3 27. Nf7+ Rxf7 28. Bxf7 Bxb2 29. a4 Bc3 30. Bd5 d2 31. Qf3 b5 32. e5 Qb6 33. axb5 Bxe5 34. Rd1 Qd4 35. Bb3 Bg7 36. Qe2 Qb2 37. Bd5 Bc3 38. Qf3 Bb4 39. Qe3 Qf6 40. f4 Rc7 41. Qe4 Rc1 42. Bb3 Rxd1 43. Qd5 Kg7 44. Qxd7+ Qe7 45. Qd4+ Kh6 46. Bxd1 Qc5 1/2-1/2

[Event "FICGS rapid A 000214 email"]
[Site "FICGS email"]
[Date "2018.04.04"]
[Round "1"]
[White "Monotua, Rotom"]
[Black "Kerr, Graham"]
[Result "1/2-1/2"]
[WhiteElo "2238"]
[BlackElo "2000"]
[PlyCount "69"]
[EventDate "2018.??.??"]
[EventType "tourn (rapid)"]
[EventRounds "6"]
[SourceTitle "Corr 2022"]
[Source "ChessBase"]
[SourceDate "2021.10.24"]
[SourceVersion "1"]
[SourceVersionDate "2021.10.24"]
[SourceQuality "1"]

1. d4 d5 2. c4 c6 3. Nc3 e6 4. e4 dxe4 5. Nxe4 Bb4+ 6. Bd2 Qxd4 7. Bxb4 Qxe4+ 8. Be2 Na6 9. Ba5 b6 10. Qd6 Bd7 11. Bc3 f6 12. Nf3 Nh6 13. Rd1 Rd8 14. Qa3 Bc8 15. Nd2 Qf4 16. Bh5+ Nf7 17. 0-0 c5 18. Qa4+ Ke7 19. Rfe1 Rhe8 20. a3 Kf8 21. b4 cxb4 22. axb4 Bb7 23. Re3 Qg5 24. Bf3 Bxf3 25. Rxf3 Nc7 26. h4 Qh5 27. Re1 b5 28. Qxa7 Re7 29. Qc5 Qxc5 30. bxc5 bxc4 31. Nxc4 Nd5 32. Bb2 Kg8 33. Rb3 Nf4 34. Ba3 e5 35. g3 1/2-1/2

[Event "FICGS theme 0002 email"]
[Site "FICGS email"]
[Date "2017.07.23"]
[Round "1"]
[White "Foster, Duncan"]
[Black "Monotua, Rotom"]
[Result "0-1"]
[WhiteElo "1638"]
[BlackElo "2236"]
[PlyCount "44"]
[EventDate "2017.??.??"]
[EventType "swiss (corr)"]
[EventRounds "1"]
[SourceTitle "Corr 2022"]
[Source "ChessBase"]
[SourceDate "2021.10.24"]
[SourceVersion "1"]
[SourceVersionDate "2021.10.24"]
[SourceQuality "1"]

1. e4 c5 2. Nf3 a6 3. a3 Nc6 4. b4 d5 5. e5 Bg4 6. h3 Bxf3 7. Qxf3 Nxe5 8. Qe3 Nc6 9. Qxc5 e5 10. Qc3 Nf6 11. d3 Bd6 12. Bg5 0-0 13. Be2 h6 14. Bxf6 Qxf6 15. Qb2 Qg5 16. g3 e4 17. dxe4 dxe4 18. h4 Qf5 19. Rg1 e3 20. f4 Rad8 21. Nc3 Bxf4 22. gxf4 Qxf4 0-1

[Event "FICGS class M 000044 email"]
[Site "FICGS email"]
[Date "2011.02.26"]
[Round "1"]
[White "Bleker, Frits"]
[Black "Monotua, Rotom"]
[Result "1/2-1/2"]
[WhiteElo "2270"]
[BlackElo "2200"]
[PlyCount "64"]
[EventDate "2011.??.??"]
[EventType "tourn (corr)"]
[EventRounds "6"]
[SourceTitle "Corr 2013"]
[Source "ChessBase"]
[SourceDate "2012.11.12"]
[SourceVersion "1"]
[SourceVersionDate "2012.11.12"]
[SourceQuality "1"]

1. e4 c5 2. Nf3 Nc6 3. d4 cxd4 4. Nxd4 e5 5. Nb5 d6 6. N1c3 a6 7. Na3 b5 8. Nd5 Nf6 9. Bg5 Be7 10. Bxf6 Bxf6 11. c3 0-0 12. Nc2 Bg5 13. a4 bxa4 14. Rxa4 a5 15. Bc4 Ne7 16. Nce3 Nxd5 17. Nxd5 Kh8 18. 0-0 f5 19. exf5 Bxf5 20. Qe2 Bd7 21. Ra2 Bc6 22. b3 Qc8 23. Rd1 Bd8 24. Qd3 Rb8 25. Ne3 Bc7 26. Bd5 Be8 27. Nc4 Qd8 28. Qe2 Rf6 29. Nd2 Bb5 30. c4 Be8 31. Ne4 Rf8 32. h3 Qe7 1/2-1/2

[Event "FICGS rapid M 000040 email"]
[Site "FICGS email"]
[Date "2011.01.26"]
[Round "1"]
[White "Oortwijn, Ron A"]
[Black "Monotua, Rotom"]
[Result "1/2-1/2"]
[WhiteElo "2145"]
[BlackElo "2200"]
[PlyCount "42"]
[EventDate "2011.??.??"]
[EventType "tourn (rapid)"]
[EventRounds "6"]
[SourceTitle "Corr 2013"]
[Source "ChessBase"]
[SourceDate "2012.11.12"]
[SourceVersion "1"]
[SourceVersionDate "2012.11.12"]
[SourceQuality "1"]

1. d4 f5 2. g3 Nf6 3. Bg2 e6 4. c4 Bb4+ 5. Nd2 0-0 6. Ngf3 d5 7. a3 Bd6 8. 0-0 Qe8 9. c5 Be7 10. Nb3 b6 11. Bf4 Na6 12. Rc1 Bd7 13. Ne5 Bb5 14. Re1 Rc8 15. h4 Nb8 16. Nd2 bxc5 17. dxc5 Nbd7 18. Nxd7 Nxd7 19. b4 Nf6 20. Nf3 Ne4 21. Qd4 Bf6 1/2-1/2